000 00833nam a2200289Ia 4500
001 Z_1864
003 CHAP
008 220113s1998 xx 000 0 und d
010 _a164958
040 _cCHAP
090 _aTesis M 1301
100 _aMercado Hernández, Adolfo
_974902
245 _aSincronización del estro con PGF2a y PRID en ganado Holstein /
_cpor Adolfo Mercado Hernández
260 _aChapingo, Méx. :
_bEl autor,
_c1998
300 _a42 h.
502 _aTesis (Ing. Agr. Esp. en Zootecnia) -- UACH. Departamento de Zootecnia
650 _aCiclo estrual
_923072
650 _aGanado Holstein
_945133
650 _aGanado lechero
_xFertilidad
_945265
650 _aProstaglandinas
_992435
901 _aTESIS M 1301
902 _aM
910 _a1998
942 _c2
942 _c2
999 _c164958
_d164958